[Event "10th A Margaryan Memorial 2020"]
[Site "Yerevan"]
[Date "2020.01.11"]
[Round "1.1"]
[White "Galperin, Platon"]
[Black "Sargsyan, Anna M."]
[Result "1/2-1/2"]
[WhiteElo "2460"]
[BlackElo "2382"]
[Annotator "TA"]
[PlyCount "93"]
[EventDate "2020.01.09"]
[EventType "tourn"]
[EventCountry "ARM"]
[SourceTitle "playchess.com"]
[Source "ChessBase"]
[SourceQuality "1"]

{[%evp 22,93,10,17,15,0,0,0,0,0,0,0,0,0,66,72,78,35,110,31,27,37,100,96,104,51,52,49,39,11,11,11,14,14,33,33,33,33,33,0,0,0,0,0,0,0,0,0,0,0,8,0,0,0,0,0,0,0,0,0,0,1,1,8,10,12,34,0,0,0,0,0,0,0]} 1. e4 e5 2. Nf3 Nc6 3. Bb5 a6 4. Ba4 Nf6 5. O-O Nxe4 6. d4 b5 7. Bb3 d5 8. dxe5 Be6 9. Qe2 Nc5 10. Rd1 Nxb3 11. axb3 Be7 {[#]} 12. c4 $1 {[%mdl 512]} b4 {C81: Open Ruy Lopez: Keres Variation (9 Qe2)} (12... bxc4 13. bxc4) 13. Bg5 (13. Nbd2 {seems wilder.} O-O 14. Nf1 Qd7 15. Bg5 Rfd8 16. Ne3) 13... Bxg5 14. cxd5 Bxd5 15. Nxg5 Qxg5 {[%csl Gd5][%cal Rg5g2] [#]} 16. Rxd5 O-O {aiming for ...Rfd8.} 17. Nd2 $36 {[%mdl 2048] [#] Black is under pressure.} Rfe8 $146 (17... Rad8 $11 18. Nf3 Qf5 19. Rxd8 Rxd8) ({Predecessor:} 17... Rad8 18. Nf3 Qf5 19. Rxd8 Rxd8 20. h3 {½-½ (79) Perez Candelario,M (2611)-Anton Guijarro,D (2652) Linares 2018}) 18. Nf3 $14 Qf4 19. Rad1 (19. g3 $5 {[%cal Rg3f4]} Qg4 20. Qd3 $16 (20. Rxa6 Rxa6 21. Qxa6 Qxf3 $16)) 19... h6 ({Black should play} 19... f6 $14) 20. g3 (20. Rc5 $16 Re6 21. g3) 20... Qg4 $1 21. Kg2 Re6 (21... f6 $14) 22. Rc5 Rae8 23. Qc2 (23. h3 $16 Qh5 24. Rdd5) 23... Qg6 24. Qxg6 fxg6 25. Nd4 Nxd4 26. Rxd4 Rxe5 27. Rxc7 $11 {[%mdl 4096] Endgame Black must now prevent Rdd7. KRR-KRR} Kh7 28. Rxb4 Re2 29. Rbb7 Rg8 30. g4 g5 31. Kg3 Rxb2 32. f3 Rd2 33. h4 gxh4+ 34. Kxh4 Kh8 35. Rf7 Rd3 36. b4 Ra3 37. Kh5 Kh7 38. Ra7 Ra1 {[%cal Ra1h1]} 39. Kh4 Rh1+ 40. Kg3 Rg1+ 41. Kf2 Rb1 42. Rab7 Rb2+ 43. Ke3 Kg6 44. f4 Rb3+ {The position is equal.} 45. Kf2 h5 46. f5+ Kh6 47. gxh5 {Accuracy: White = 52%, Black = 74%.} 1/2-1/2

[Event "10th A Margaryan Memorial 2020"]
[Site "Yerevan"]
[Date "2020.01.11"]
[Round "1.2"]
[White "Shahinyan, David"]
[Black "Barseghyan, Armen Ar."]
[Result "1-0"]
[WhiteElo "2444"]
[BlackElo "2408"]
[Annotator "TA"]
[PlyCount "51"]
[EventDate "2020.01.09"]
[EventType "tourn"]
[EventCountry "ARM"]
[SourceTitle "playchess.com"]
[Source "ChessBase"]
[SourceQuality "1"]

{[%evp 16,51,37,17,16,27,38,36,28,29,33,38,34,29,87,23,82,65,102,90,96,87,153,150,172,90,69,89,365,324,236,208,182,169,631,633,628,622]} 1. d4 Nf6 2. c4 c5 3. d5 e6 4. Nc3 exd5 5. cxd5 d6 6. e4 g6 7. f4 Bg7 8. Bb5+ Nfd7 9. a4 Na6 {A67: Modern Benoni: Taimanov Variation} (9... O-O 10. Nf3 Na6 11. O-O Nb4 12. Kh1 a6 13. Bc4 Nb6 14. Bb3 Bg4 15. a5 Nd7 16. h3 Bxf3 17. Qxf3 Rc8 18. Bc4 Nc2 19. Ra2 Nd4 20. Qf2 {0-1 (38) Moiseenko,A (2628)-Donchenko,A (2615) Riga 2019}) 10. Nf3 Nb4 11. O-O a6 {White is slightly better.} 12. Be2 O-O 13. Be3 Re8 14. Bf2 b6 (14... Nf6 $11 {remains equal.} 15. Nd2 Nd7) 15. Nd2 (15. Bc4 $16) 15... Bd4 $146 (15... f5 $11) ({Predecessor:} 15... f5 16. exf5 gxf5 17. Bh5 Re7 18. Nc4 Nf6 19. Bh4 Rb8 20. a5 bxa5 21. Nxa5 {0-1 (61) Lombart,P (1995)-Stephan,V (2302) Avoine 2015}) 16. Nc4 $16 Qc7 17. Rc1 Bxf2+ 18. Rxf2 f6 (18... Rb8 $142) 19. e5 fxe5 20. fxe5 ({White should try} 20. Qd2 $18) 20... Nxe5 21. Ne4 $36 {[%mdl 2048] [#] Threatens to win with Nf6+. White has strong initiative.} Bd7 $2 {[%mdl 8192]} (21... Ng4 $16 {was necessary.} 22. Rf4 (22. Bxg4 Rxe4 23. Qf3 Re8 $11) 22... Rxe4 23. Rxe4 Nf6) 22. Nf6+ ({Not} 22. Ncxd6 Rf8 $16) 22... Kg7 23. Nxe8+ Rxe8 24. Qd2 {Nxe5 is the strong threat.} Bxa4 $2 (24... Nxc4 25. Rxc4 Qd8) 25. Nxe5 $18 Rxe5 {[#]} 26. Qxb4 $1 {[%mdl 576] Pin. Accuracy: White = 60%, Black = 17%.} 1-0

[Event "10th A Margaryan Memorial 2020"]
[Site "Yerevan"]
[Date "2020.01.11"]
[Round "1.3"]
[White "Davtyan, Artur"]
[Black "Hayrapetyan, Hovik"]
[Result "1-0"]
[WhiteElo "2437"]
[BlackElo "2458"]
[Annotator "TA"]
[PlyCount "85"]
[EventDate "2020.01.09"]
[EventType "tourn"]
[EventCountry "ARM"]
[SourceTitle "playchess.com"]
[Source "ChessBase"]
[SourceQuality "1"]

{[%evp 9,85,24,24,29,30,32,31,29,24,31,31,29,40,27,25,25,25,25,18,18,25,22,35,8,45,22,47,29,36,10,34,13,79,66,118,120,129,111,112,109,159,147,172,179,191,107,113,77,289,291,293,287,295,285,289,281,270,272,254,218,208,205,217,205,301,289,655,477,808,800,807,807,807,807,887,696,887,659]} 1. Nf3 d5 2. d4 Nf6 3. c4 e6 4. Nc3 a6 5. cxd5 exd5 6. Bg5 {D37: Queen's Gambit Declined: 5 Bf4} Be6 7. e3 Nbd7 8. Bd3 {White is slightly better.} c6 9. O-O Bd6 10. Bf4 Qb8 11. Bxd6 Qxd6 12. h3 O-O 13. Rc1 {[#]} g6 $146 ({Predecessor:} 13... Rfc8) 14. Qe2 Rae8 15. a3 Nh5 16. Qc2 f5 17. b4 Ndf6 18. Ne5 f4 19. Rfe1 Bc8 20. Qd2 Nd7 (20... fxe3 $11 21. Qxe3 Nd7) 21. e4 $1 $36 {[%mdl 2048] White has some pressure.} Nxe5 (21... Rxe5 $14 22. dxe5 Nxe5) 22. dxe5 Rxe5 23. exd5 {Black must now prevent Ne4.} Rxe1+ 24. Rxe1 Nf6 25. dxc6 Qxc6 26. Re7 {Threatens to win with Be4.} Be6 {[#]} 27. Qe1 ({White should play} 27. Be2 $1 $18) 27... Bf7 28. Qe5 {Strongly threatening Be4.} Rc8 $2 (28... Re8 $16 29. Ne4 Nxe4 30. Bxe4 Rxe7 31. Qxe7 Qc1+ 32. Kh2 b5) 29. Ne4 $18 Nxe4 ({But not} 29... Nd5 $2 {[#]} 30. Rxf7 $1 {[%mdl 512]} Kxf7 31. Nd6+ Kf8 32. Nxc8 $18) 30. Bxe4 Qc3 {Hoping for ...Qe1+.} 31. Bxb7 ({Less strong is} 31. Qxf4 Qc1+ 32. Qxc1 Rxc1+ 33. Kh2 Rc3 $16) 31... Qxe5 32. Rxe5 {[%mdl 4096] Endgame KRB-KRB} Rc1+ 33. Kh2 Rc2 34. Bxa6 Ra2 35. Ra5 Rxf2 36. Bb7 Ra2 (36... Bc4 $142 37. Rc5 Bb3) 37. Bf3 Be6 $2 (37... Rb2 38. Rc5 Be8) 38. a4 {[%cal Ba3a4,Ba4a5][%mdl 32] White is clearly winning.} Kf7 (38... Rb2 $142 39. Ra6 Kf7) 39. Ra7+ Kf6 40. b5 Rb2 41. Rxh7 Rb4 42. Ra7 Bb3 43. a5 {Accuracy: White = 65%, Black = 48%.} 1-0

[Event "10th A Margaryan Memorial 2020"]
[Site "Yerevan"]
[Date "2020.01.11"]
[Round "1.4"]
[White "Matviishen, Viktor"]
[Black "Pogosyan, Stefan"]
[Result "1-0"]
[WhiteElo "2497"]
[BlackElo "2477"]
[Annotator "TA"]
[PlyCount "61"]
[EventDate "2020.01.09"]
[EventType "tourn"]
[EventCountry "ARM"]
[SourceTitle "playchess.com"]
[Source "ChessBase"]
[SourceQuality "1"]

{[%evp 22,61,31,31,109,100,104,113,110,93,285,289,289,290,291,281,281,283,281,281,279,281,351,350,334,348,379,375,365,346,378,371,450,442,428,428,457,450,480,431,511,502]} 1. d4 Nf6 2. c4 e6 3. Nf3 d5 4. Bg5 Be7 5. cxd5 exd5 6. Nc3 c6 7. Qc2 O-O 8. e3 Nbd7 9. Bd3 Re8 10. O-O Nf8 11. h3 Ng6 12. Ne5 c5 $146 {D36: Queen's Gambit Declined: Exchange Variation: Main line (5 Bg5 c6 6 Qc2)} ({Black should play} 12... Nd7 $14 13. Bxe7 (13. Bxg6 hxg6 14. Bxe7 Qxe7 $11) (13. Nxg6 Bxg5 14. Ne5 g6 $11) 13... Qxe7) ({Predecessor:} 12... Nd7 13. Bxe7 Qxe7 14. f4 Ngf8 15. Rae1 f6 16. Nf3 Nb6 17. f5 Bd7 18. Nd2 Qd6 19. Nb3 Rad8 20. Nc5 Bc8 {½-½ (36) Ramirez Alvarez,A (2589)-Ochoa de la Rosa,M (2403) Merida 2019}) 13. Nxg6 hxg6 14. dxc5 Bxc5 {White is better.} 15. Rad1 Be6 $2 {[#]} (15... Re5 $16 16. Bf4 Re7) 16. Bb5 $1 $18 Rc8 17. Bxe8 Qxe8 18. Bxf6 gxf6 19. Nxd5 Bxd5 20. Rxd5 Bxe3 21. Qe2 Qc6 22. Rfd1 Bb6 23. Rd6 Qc2 24. Qxc2 Rxc2 {[%mdl 4096] Endgame KRR-KRB} 25. R6d2 ({Don't do} 25. Rxf6 Kg7 $18) 25... Rc4 26. Rd7 Rc2 27. R1d2 {White is clearly winning.} Rc1+ {[#]} 28. Kh2 $1 Bc7+ 29. g3 f5 30. Kg2 Kf8 31. Re2 {Accuracy: White = 87%, Black = 14%.} 1-0

[Event "10th A Margaryan Memorial 2020"]
[Site "Yerevan"]
[Date "2020.01.11"]
[Round "1.5"]
[White "Levin, Evgeny A."]
[Black "Sturua, Zurab"]
[Result "1/2-1/2"]
[WhiteElo "2527"]
[BlackElo "2530"]
[Annotator "TA"]
[PlyCount "39"]
[EventDate "2020.01.09"]
[EventType "tourn"]
[EventCountry "ARM"]
[SourceTitle "playchess.com"]
[Source "ChessBase"]
[SourceQuality "1"]

{[%evp 16,39,30,27,38,32,31,18,37,33,31,30,61,56,54,33,31,16,63,16,33,25,21,10,16,4]} 1. d4 Nf6 2. c4 e6 3. Nf3 d5 4. Nc3 Be7 5. Bf4 O-O 6. e3 b6 7. Bd3 dxc4 8. Bxc4 Bb7 9. O-O a6 {D37: Queen's Gambit Declined: 5 Bf4} 10. Qe2 Nbd7 11. Rfd1 Nd5 $146 ({Predecessor:} 11... b5 12. Bd3 Bd6 13. Bg5 h6 14. Bh4 c5 15. Ne4 Bxe4 16. Bxe4 Ra7 17. dxc5 Nxc5 {1-0 (26) Nakamura,H (2775)-Anand,V (2793) London 2014}) 12. Rac1 Nxf4 13. exf4 {Black must now prevent d5.} Bxf3 14. Qxf3 Bd6 15. Ne4 Nf6 16. Nxd6 cxd6 17. f5 (17. d5 $5 {[%cal Rd5e6]}) 17... b5 18. Bd3 exf5 19. Qxf5 Rc8 20. Rxc8 {Accuracy: White = 50%, Black = 54%.} 1/2-1/2

[Event "10th A Margaryan Memorial 2020"]
[Site "Yerevan"]
[Date "2020.01.12"]
[Round "2.1"]
[White "Sargsyan, Anna M."]
[Black "Sturua, Zurab"]
[Result "0-1"]
[WhiteElo "2382"]
[BlackElo "2530"]
[Annotator "TA"]
[PlyCount "88"]
[EventDate "2020.01.09"]
[EventType "tourn"]
[EventCountry "ARM"]
[SourceTitle "playchess.com"]
[Source "ChessBase"]
[SourceQuality "1"]

{[%evp 24,94,45,50,54,54,54,54,54,62,63,65,74,57,68,70,65,63,69,62,62,64,82,72,81,71,86,82,119,118,196,190,194,127,122,125,111,39,45,25,45,0,0,0,0,0,0,0,0,0,0,0,0,-9,0,0,0,0,0,0,0,-12,0,-70,-70,-70,-70,-70,-70,-70,-69,-1122,-1060]} 1. d4 Nf6 2. c4 g6 3. g3 Bg7 4. Bg2 O-O 5. Nc3 d6 6. Nf3 c6 7. O-O Qa5 8. e4 e5 9. h3 Nbd7 10. Re1 exd4 11. Nxd4 Ne5 12. Bf1 Re8 13. Be3 c5 {E69: King's Indian: Fianchetto: 6...Nbd7 7 0-0 e5 8 e4 c6 9 h3} 14. Nb3 Qb4 15. a3 Qb6 {White is slightly better.} 16. Nd2 Qd8 ({Wrong is} 16... Qxb2 $2 17. Na4 $18) 17. f4 Nc6 18. Bf2 b6 {[#]} 19. Nf3 $146 ({Predecessor:} 19. Bg2 Bb7 20. Nf1 Nd4 21. Qd3 {1-0 (37) Stefansson,H (2540)-Plischki,S (2422) Teplice 2014}) 19... Bb7 20. Qd3 Qd7 21. Rad1 {Strongly threatening e5.} Rad8 22. Bg2 Qc8 23. g4 h5 24. g5 Nh7 25. b3 Qb8 26. Nd5 Ne7 {[#]} (26... Qc8 $16) 27. f5 $1 $18 Nxd5 28. exd5 (28. cxd5 $18 Bc8 29. f6) 28... gxf5 $16 29. Nh4 Bc8 30. Qf3 ({White should try} 30. Kh1 $16) 30... Nxg5 $14 31. Qxh5 Ne4 32. Nxf5 (32. Be3 {feels hotter.} Nf6 33. Qg5 Nh7 34. Qg3 Kh8 35. Qf3) 32... Bxf5 33. Qxf5 Nxf2 34. Kxf2 Rxe1 35. Rxe1 {White wants to mate with Re7.} Re8 36. Be4 Qd8 37. Rg1 {Threatening mate with Qh7+.} Kf8 {Threatens to win with ...Bd4+.} 38. Kf3 Qh4 39. Rf1 Re5 40. Qc8+ Re8 41. Qf5 Bd4 42. a4 a5 43. Qf4 (43. Qg4 $1 $11 Qh6 44. Kg2) 43... Qxh3+ $15 {[%mdl 64] [#] Double Attack} 44. Ke2 $1 {[%csl Gf1][%cal Rf4f7][%mdl 512]} Ke7 {Played: Re8-e7} 0-1

[Event "10th A Margaryan Memorial 2020"]
[Site "Yerevan"]
[Date "2020.01.12"]
[Round "2.2"]
[White "Pogosyan, Stefan"]
[Black "Levin, Evgeny A."]
[Result "0-1"]
[WhiteElo "2477"]
[BlackElo "2527"]
[Annotator "TA"]
[PlyCount "94"]
[EventDate "2020.01.09"]
[EventType "tourn"]
[EventCountry "ARM"]
[SourceTitle "playchess.com"]
[Source "ChessBase"]
[SourceQuality "1"]

{[%evp 11,94,18,25,15,3,0,15,-5,18,1,14,0,0,-21,0,0,0,0,0,0,-3,0,0,-28,-20,-13,-18,-35,-27,-29,-41,-60,0,0,16,-65,-60,-63,-68,-67,-57,-89,-26,-35,-26,-27,-34,-35,-35,-94,-89,-106,-107,-107,-105,-99,-103,-99,-108,-106,-101,-368,-367,-368,-367,-367,-367,-387,-380,-457,-457,-454,-444,-364,-352,-620,-616,-656,-593,-531,-476,-476,-476,-476,-466]} 1. d4 Nf6 2. c4 e6 3. Nf3 b6 4. g3 Ba6 5. Qc2 Bb7 6. Bg2 c5 7. d5 {E15: Queen's Indian: 4 g3 sidelines, 4 g3 Ba6 and 4 g3 Bb7 early deviations} exd5 8. cxd5 Nxd5 9. O-O {Ng5 is the strong threat.The position is equal.} Nc6 10. Rd1 Be7 11. a3 ({Worse is} 11. Rxd5 Nb4 $17) 11... Nc7 12. Nc3 $146 ({Predecessor:} 12. Bf4 Ne6 13. e3 Nxf4 14. exf4 O-O {½-½ (25) Jakovenko,D (2745)-Karjakin,S (2770) Kazan 2014}) 12... O-O 13. Bf4 Ne6 14. e3 Nxf4 15. exf4 d6 16. Nd5 h6 17. Rd2 Re8 18. Rad1 Bf8 19. b4 Qc8 20. Qb2 Rb8 21. Ne3 cxb4 (21... b5 $15) 22. axb4 $11 a5 23. Nd5 (23. bxa5 $11 bxa5 24. Qa1) 23... Nxb4 $15 24. Nxb4 axb4 25. Qxb4 Be4 26. Qb3 {[#]} Qb7 (26... b5 $1 $17) 27. Nh4 $11 b5 {[%cal Bb6b5,Bb5b4,Bb4c3][%mdl 32]} 28. Bxe4 Qxe4 29. Rd4 Qe6 30. Rd5 (30. Rb4 $15) 30... b4 31. Ng2 {[#]} Rec8 $1 32. R5d3 Qxb3 33. Rxb3 Rc3 34. Rxc3 bxc3 $17 {[%mdl 4096] Endgame KRB-KRN} 35. Ne3 {[#]} d5 $1 {[%mdl 512] White must now prevent ...Rb2.} 36. Rxd5 $2 {[%mdl 8192]} (36. Kg2 $17) 36... Rb2 $19 37. Rd8 c2 38. Nxc2 Rxc2 {KRB-KR} 39. f5 f6 40. g4 Kf7 41. Rd7+ Be7 42. Kg2 Kf8 43. Kg3 $2 (43. Rd1) 43... Bc5 {Black is clearly winning.} 44. f3 Bf2+ 45. Kg2 Bd4+ 46. Kf1 Be5 47. h3 Rh2 {Accuracy: White = 25%, Black = 80%.} 0-1

[Event "10th A Margaryan Memorial 2020"]
[Site "Yerevan"]
[Date "2020.01.12"]
[Round "2.3"]
[White "Hayrapetyan, Hovik"]
[Black "Matviishen, Viktor"]
[Result "1-0"]
[WhiteElo "2458"]
[BlackElo "2497"]
[Annotator "TA"]
[PlyCount "125"]
[EventDate "2020.01.09"]
[EventType "tourn"]
[EventCountry "ARM"]
[SourceTitle "playchess.com"]
[Source "ChessBase"]
[SourceQuality "1"]

{[%evp 25,125,0,2,-50,29,26,23,29,24,26,23,14,18,4,14,12,25,12,50,29,38,20,48,54,52,51,45,52,39,37,35,38,42,21,22,21,63,63,118,123,123,123,123,123,137,93,133,137,175,154,160,143,149,147,198,191,193,195,227,217,202,162,227,227,219,223,228,224,220,222,339,291,319,307,343,304,1953,3809,2104,1845,5089,4679,5431,3651,12000,8204,29957,29946,29965,29965,29969,29968,29970,29971,29965,29959,29981,29982,29982,29983,29983,29984]} 1. Nf3 d5 2. d4 Nf6 3. c4 c6 4. e3 e6 5. Nc3 Nbd7 6. Qc2 Bd6 7. Bd3 dxc4 8. Bxc4 b5 9. Bd3 Bb7 10. O-O O-O 11. e4 e5 12. dxe5 Nxe5 13. Nxe5 Bxe5 14. Kh1 {D46: Semi-Slav: 5 e3 Nbd7 6 Bd3, Black avoids the Meran} (14. h3 $11) (14. h3 Re8 15. Be3 h6 16. Rad1 Qc7 17. Ne2 c5 18. Bxb5 Bxe4 19. Qxc5 Qxc5 20. Bxc5 Reb8 21. a4 a6 {0-1 (64) Ding,L (2811)-Shankland,S (2705) chess.com INT 2019}) 14... c5 $146 ({Better is} 14... Ng4 $15 15. g3 Bd4) ({Predecessor:} 14... Ng4 15. h3 Qh4 16. Qe2 Rad8 17. Bc2 Bc8 18. f4 Bd4 19. Qf3 Nf2+ 20. Kh2 b4 21. Ne2 Ng4+ 22. Kh1 Nf2+ 23. Kh2 Ng4+ 24. Kh1 Nf2+ 25. Kh2 {½-½ (25) Sorin,A (2490)-Bertona,F (2405) Buenos Aires 2000}) 15. Bxb5 $11 Bxc3 16. Qxc3 {Black must now prevent f3.White has an edge.} Nxe4 17. Qc2 Qh4 18. Kg1 Nd6 19. Be2 Rfe8 20. Rd1 Re6 21. Be3 Rae8 22. Qxc5 Rg6 23. Bf1 Qe4 {[%cal Rg6g2]} 24. Bg5 h6 25. f3 $1 {[%cal Rf3e4]} Qf5 26. Qxf5 Nxf5 27. Rd8 Rxd8 28. Bxd8 Bxf3 29. Kf2 Bb7 30. Re1 Nd6 31. Re7 Rf6+ (31... Kf8 $14) 32. Kg1 $16 Re6 33. Rxe6 fxe6 {[%mdl 4096] Endgame KBB-KBN} 34. Bc7 Ne4 35. Be5 Kf7 36. b4 $1 a6 37. Bd3 Nf6 38. b5 Nd7 39. Bd6 ({Don't play} 39. bxa6 $6 Bxa6 40. Bxa6 Nxe5 $14) 39... axb5 (39... a5 $16 40. a3 Bd5) 40. Bxb5 $18 Nb6 41. a4 {[%cal Ba2a4,Ba4a5,Ba5a6][%mdl 32]} Bd5 42. a5 Nc4 43. Bc7 Ke7 {[#]} (43... e5 {might work better.} 44. a6 Ke6) 44. a6 $1 Nd6 45. Ba4 Nc8 {[#] intending ...Bc4.} 46. Bb8 $1 Nb6 47. Bb5 Kd8 (47... Kf6 $142 48. Kf2 e5) 48. Be5 g6 49. Bg7 Kc8 50. Bxh6 Bc4 $2 (50... Nc4 51. Be8 Ne5) 51. Bxc4 Nxc4 {KB-KN} 52. Kf2 Kc7 53. Be3 Kc6 54. Kf3 Ne5+ 55. Ke4 Nf7 56. h4 {White mates.} Kc7 57. g4 Kc6 58. g5 Kc7 59. Bd4 Kc6 60. Kf4 Kc7 {[#]} 61. h5 $1 {[%mdl 512]} gxh5 62. g6 Nh6 63. g7 {Accuracy: White = 83%, Black = 29%.} 1-0

[Event "10th A Margaryan Memorial 2020"]
[Site "Yerevan"]
[Date "2020.01.12"]
[Round "2.4"]
[White "Barseghyan, Armen Ar."]
[Black "Davtyan, Artur"]
[Result "0-1"]
[WhiteElo "2408"]
[BlackElo "2437"]
[Annotator "TA"]
[PlyCount "132"]
[EventDate "2020.01.09"]
[EventType "tourn"]
[EventCountry "ARM"]
[SourceTitle "playchess.com"]
[Source "ChessBase"]
[SourceQuality "1"]

{[%evp 16,132,19,12,17,18,21,13,36,6,29,20,48,26,27,26,20,24,88,92,92,87,100,72,77,66,63,0,0,0,0,0,0,0,0,0,0,-6,-22,-67,-67,-67,-60,-71,29,0,0,-131,-116,-279,-272,-270,-206,-434,-54,-253,-253,-318,-317,-323,-325,-281,-300,-446,-446,-407,-428,-429,-400,-509,-506,-492,-485,-524,-493,-447,-441,-621,-604,-648,-582,-612,-601,-593,-572,-911,-856,-969,-796,-12837,-12838,-12838,-12839,-12840,-12840,-12841,-12838,-12838,-12839,-12839,-12839,-12838,-12835,-12840,-12841,-12842,-12842,-12844,-12844,-12845,-12845,-12845,-12846,-12846,-12847,-12847,-12848,-12848,-12848]} 1. c4 Nf6 2. Nf3 g6 3. b3 Bg7 4. Bb2 O-O 5. g3 d6 6. Bg2 e5 7. O-O Nc6 8. d3 Re8 9. Nc3 h6 {A15: English Opening: 1...Nf6} (9... Bd7 10. e3 Ng4 11. h3 Nh6 12. Nd2 f5 13. Nd5 Nf7 14. Qc2 Be6 15. f4 Rb8 16. Rae1 Ne7 17. Nc3 {0-1 (68) Sethuraman,S (2673)-Lenderman,A (2626) Saint Louis 2018}) 10. Qd2 Be6 11. e4 a5 $146 {The position is equal.} ({Predecessor:} 11... Bg4 12. h3 Bxf3 13. Bxf3 Nd4 14. Bg2 Nh5 15. Ne2 Qg5 16. Qd1 c5 17. Nxd4 cxd4 {1-0 (28) Lins,P (2131)-Juergens,K (2125) Austria 2016}) 12. Nd5 Nd7 13. Rae1 Nc5 14. Bc3 Bg4 15. Nh4 Nd4 16. f4 Be6 (16... c6 $11 17. Ne3 Bh5) 17. f5 $16 Bxd5 18. cxd5 g5 {[#]} 19. f6 $1 {[%cal Rf6g7]} gxh4 20. fxg7 Qg5 21. Re3 (21. Qf2 $1 $14 Qxg7 22. Re3) 21... hxg3 $1 $11 ({Not} 21... Kxg7 $2 22. gxh4 Qe7 23. Rg3+ Kh7 24. Bxd4 $18) 22. Kh1 f5 ({Don't play} 22... gxh2 $6 23. Qf2 $16) 23. exf5 ({But not} 23. Rxg3 Qxd2 24. Bxd2 f4 $17) 23... Nxf5 {[%mdl 64] Double Attack} 24. Ref3 $1 {[%cal Rf3f5]} Qh4 {[%csl Gg3][%cal Rh4h2]} 25. h3 Nxg7 26. Qe3 $132 {[%mdl 2048] White is fighting back} Rf8 27. Rxg3 {Bxe5! is the strong threat.} Rxf1+ 28. Bxf1 {Hoping for Bxe5!} Rf8 29. Bg2 Kh8 (29... Kh7 $17 {Strongly threatening ...Nf5.} 30. Rg4 Qf2 31. Qxf2 Rxf2) 30. Rg4 (30. Bxe5 $5 dxe5 31. Qxc5 $14) 30... Qf6 {And now ...h5 would win.} 31. Bd2 (31. Bxe5 $11 Qxe5 32. Qxh6+ Kg8 {[#]} 33. d4 $1 {[%mdl 576] Double Attack}) 31... Nf5 $17 32. Qg1 $2 (32. Qf3 $17) 32... Nxd3 $19 {White must now prevent ...Nd4.} 33. Be4 {[#]} Nf4 $1 34. Kh2 $2 (34. Bxf4 exf4 35. Rg6 Ng3+ {[%mdl 64] Double Attack} 36. Kh2 Qb2+ 37. Qg2 Qxg2+ 38. Bxg2) 34... Ne7 $2 (34... h5 $19 35. Rg5 Nh6) 35. Bxf4 $2 ({White must play} 35. Qc1 $1 $15 Ne2 36. Qxc7) 35... exf4 36. Bf3 Nf5 37. Rg6 Qb2+ 38. Qg2 Qxg2+ 39. Rxg2 {[%mdl 4096] Endgame KRB-KRN} (39. Bxg2 {is the only way for White.} Kh7 40. Re6) 39... Nh4 40. Rf2 Nxf3+ 41. Rxf3 {KR-KR} Kg7 42. Kg2 Kg6 {Black is clearly winning.} 43. Rc3 Rf7 44. Rc1 Re7 45. Kf2 Kf5 46. Rc2 (46. h4 $142) 46... h5 47. Rc1 Rg7 48. Re1 b5 49. Re8 Rg3 50. Ra8 Rxh3 51. Rxa5 Ke4 52. Rxb5 Rh2+ 53. Kg1 Rxa2 54. Rb8 h4 55. Rh8 Ke3 56. Re8+ Kf3 57. Re7 Ra1+ 58. Kh2 Rc1 59. b4 Kf2 60. b5 f3 61. b6 cxb6 62. Re6 Kf1 63. Rxd6 f2 64. Re6 Re1 65. Rxb6 Ke2 66. Rb2+ Ke3 {Accuracy: White = 37%, Black = 64%.} 0-1

[Event "10th A Margaryan Memorial 2020"]
[Site "Yerevan"]
[Date "2020.01.10"]
[Round "2.5"]
[White "Galperin, Platon"]
[Black "Shahinyan, David"]
[Result "1-0"]
[WhiteElo "2460"]
[BlackElo "2444"]
[Annotator "ChessBase"]
[PlyCount "99"]
[EventDate "2020.01.09"]
[EventType "tourn"]
[EventCountry "ARM"]
[SourceTitle "playchess.com"]
[Source "ChessBase"]
[SourceQuality "1"]
[TimeControl "40/5400+30:1800+30"]

1. d4 e6 2. c4 b6 3. e4 Bb7 4. Bd3 Nc6 5. Ne2 Nb4 6. Nbc3 Nxd3+ 7. Qxd3 Ne7 8. O-O d6 9. f4 g6 10. f5 gxf5 11. Ng3 Rg8 12. d5 Qd7 13. Nh5 Bg7 14. exf5 Nxf5 15. Rxf5 exf5 16. Bg5 Be5 17. Re1 Kf8 18. Bh6+ Ke7 19. Bg7 Rxg7 20. Nxg7 Rg8 21. Nxf5+ Kd8 22. Nb5 c6 23. Nxa7 cxd5 24. cxd5 Rg5 25. Rf1 Qa4 26. Nc6+ Bxc6 27. dxc6 Qxc6 28. Qd2 Qc5+ 29. Kh1 Rh5 30. h3 Qc6 31. Qe3 f6 32. h4 Qc4 33. Rc1 Qb4 34. Qf3 Rxh4+ 35. Nxh4 Qxh4+ 36. Qh3 Qxh3+ 37. gxh3 Bxb2 38. Rc6 Ba3 39. Rxb6 Kc7 40. Rb3 Bc5 41. a4 Kc6 42. Kg2 Bb6 43. Kf3 d5 44. Kf4 Bd8 45. Rb5 h5 46. Kf5 h4 47. Rb4 Kc5 48. Rxh4 d4 49. Rh8 Ba5 50. Ke4 {Kd5+} 1-0